00757nam a2200241 u 450000100100000000500170001000800410002702000150006804000250008304100390010808200130014710000240016024000550018424500320023926000340027130000330030549000240033853400640036250400320042683000310045804900090048999900170049800002484020200930023412.0110204s1994 sp a r 000 0 spa d a8477203547 aDO-SdBNPbspacBNPHU17aspaheng2Código de idiomas MARC ann*bnn*1 aRay, Sondra.94472210aHow to chic, fabolous and live forever.lEspañol10aInmortalidad /cSondra Ray. aBarcelona :bObelisco,c1994. a314, [5] p. :bil. ;c21 cm.1 aNueva Conscistencia aTítulo original :tHow to chic, fabolous and live forever aBibliografía : 311-314 p. 0aNueva Conscistencia950985 aBNGR c24333d24333